000 00841nam a2200217Ia 4500
999 _c40191
_d40191
001 6798
003 GE_BSU
005 20200116170251.0
008 181216s1959||||ge |||||||||||||| ||geo||
040 _cGE_BSU
041 _ageo
080 _a821.353.1-31 გ-59
100 _aგოგიჩაიშვილი, გივი.
_96030
245 _aპირველი დღეები :
_bრომანი /
_cგივი გოგიჩაიშვილი ; რედ. ა. ბელიაშვილი.
264 _aთბილისი :
_bსაბჭ.მწერალი,
_c1959.
300 _a251 გვ. ;
_c17 სმ.
653 _aპირველი დღეები
653 _aრომანი
700 _aბელიაშვილი, ა.
_eრედაქტორი
_94256
942 _cBK
_2udc